| 000 | 00937nam a22002657a 4500 | ||
|---|---|---|---|
| 999 |
_c65790 _d65790 |
||
| 005 | 20240530110843.0 | ||
| 008 | 200930s2019 ua g 000 0 ara d | ||
| 017 |
_a2015/19417 _bمصر. دار الكتب |
||
| 020 | _a206483977990 | ||
| 040 |
_aEG-CaGPL _cEG-CaGPL |
||
| 082 | 0 | 4 |
_221 _a340.112/ _bم ع |
| 100 | 0 | _aمحمد على سويلم | |
| 245 | 1 | 2 |
_aالعدالة الانتقالية : _bدراسة مقارنة / _cتاليف محمد على سويلم |
| 250 | _aط.3 | ||
| 260 |
_aالقاهرة : _bالمصرية للنشر والتوزيع، _c2019. |
||
| 300 |
_a660 ص. ؛ _c24 سم. |
||
| 650 | 0 | 7 |
_2qrmak _aالعدالة الاجتماعية |
| 650 | 0 | 7 |
_2qrmak _aالمساواة |
| 650 | 0 | 7 |
_2qrmak _aحقوق الانسان |
| 650 | 0 | 7 |
_2qrmak _aالعدالة |
| 650 | 0 | 7 |
_2qrmak _aالسلطة القضائية |
| 651 | _2qrmak | ||
| 942 |
_2ddc _cBK |
||